MLB Top 100 2026 - Statistics

General Stats
  • This quiz has been taken 54 times
  • The average score is 44 of 100
Answer Stats
Rank POS Team Answer % Correct
2 OF NYY Aaron Judge
100%
4 SS KC Bobby Witt Jr.
100%
3 SP PIT Paul Skenes
100%
1 SP/DH LAD Shohei Ohtani
100%
6 OF NYM Juan Soto
98%
5 SP DET Tarik Skubal
96%
7 3B CLE Jose Ramirez
93%
8 2B ARI Ketel Marte
91%
13 OF ATL Ronald Acuna Jr.
91%
15 C SEA Cal Raleigh
89%
12 DH PHI Kyle Schwarber
89%
16 1B ATL Matt Olson
89%
28 1B PHI Bryce Harper
87%
10 OF MIN Byron Buxton
84%
14 SS NYM Francisco Lindor
82%
20 OF SD Fernando Tatis Jr.
80%
11 LF HOU Yordan Alvarez
80%
9 CP SD Mason Miller
78%
23 SP NYY Max Fried
78%
25 C LAD Will Smith
78%
30 1B LAD Freddie Freeman
76%
21 1B TOR Vladimir Guerrero Jr.
76%
19 OF SEA Julio Rodriguez
71%
27 SS BAL Gunnar Henderson
69%
24 SP ATL Chris Sale
67%
22 OF ARI Corbin Carroll
67%
32 SS TEX Corey Seager
60%
35 OF NYY Cody Bellinger
58%
34 SS CIN Elly De La Cruz
58%
42 SS LAD Mookie Betts
58%
40 3B SD Manny Machado
56%
49 SS PHI Trea Turner
51%
18 SP LAD Yoshinobu Yamamoto
51%
44 CP BOS Aroldis Chapman
49%
26 SP PHI Christopher Sanchez
49%
77 OF LAA Mike Trout
49%
91 SP NYY Carlos Rodon
47%
46 OF LAD Kyle Tucker
44%
39 1B NYY Ben Rice
42%
64 3B NYM Bo Bichette
42%
47 1B A's Nick Kurtz
42%
48 1B BAL Pete Alonso
42%
53 1B SF Rafael Devers
42%
51 SP SEA Bryan Woo
40%
36 3B TB Junior Caminero
40%
33 SP BOS Garrett Crochet
38%
43 SP SF Logan Webb
38%
56 OF CHI Pete Crow-Armstrong
38%
45 3B CHI Alex Bregman
36%
17 SP NYY Cam Schlittler
36%
54 SP TEX Jacob Degrom
36%
38 OF DET Riley Greene
36%
50 SP HOU Hunter Brown
33%
29 SP LAA Jose Soriano
33%
58 2B CHI Nico Hoerner
33%
31 SP PHI Zack Wheeler
33%
41 OF LAD Andy Pages
31%
61 OF PIT O'Neil Cruz
31%
89 OF BOS Roman Anthony
31%
74 SP SEA Logan Gilbert
29%
37 SP LAD Tyler Glasnow
29%
55 C MIL William Contreras
29%
85 DH MIL Christian Yelich
27%
67 SS ARI Geraldo Perdomo
27%
52 SP CIN Hunter Greene
27%
59 OF SD Jackson Merrill
27%
65 SS HOU Jeremy Pena
27%
92 C ATL Drake Baldwin
24%
60 SP NYM Freddy Peralta
24%
66 OF WSH James Wood
24%
80 3B SF Matt Chapman
24%
81 SS A's Jacob Wilson
22%
98 2B NYY Jazz Chisholm Jr.
22%
75 C A's Shea Langeliers
22%
93 C TOR Alejandro Kirk
20%
86 SP TOR Dylan Cease
20%
70 OF MIL Jackson Chourio
20%
100 1B SEA Josh Naylor
20%
69 SP TEX Nathan Eovaldi
20%
90 SS LAA Zach Neto
20%
82 2B PIT Brandon Lowe
18%
72 2B MIL Brice Turang
18%
83 DH TOR George Springer
18%
57 OF BOS Jaren Duran
18%
76 SP MIN Joe Ryan
18%
88 RP HOU Josh Hader
18%
71 1B TB Yandy Diaz
18%
94 DH A's Brent Rooker
16%
62 3B KC Maikel Garcia
16%
68 DH CHI Seiya Suzuki
16%
78 SS SF Willy Adames
16%
87 1B BOS Wilson Contreras
16%
73 OF TEX Wyatt Langford
16%
79 SP KC Cole Ragans
13%
99 SP DET Framber Valdez
11%
95 OF PIT Ryan O'Hearn
9%
96 1B TB Johnathan Aranda
7%
63 SP CHI Davis Martin
2%
84 1B CHI Munateka Murakami
2%
97 3B PIT Nick Gonzales
2%
No matching quizzes found
Score Distribution
Percent of People with Each Score
Percentile by Number Answered
Your Score History
You have not taken this quiz